[Event "Teheran zt qual"]
[Site "Teheran"]
[Date "1997.??.??"]
[Round "?"]
[White "Rezaei, Reza"]
[Black "Deljou, Mohammad"]
[Result "1-0"]
[WhiteElo "2205"]
[BlackElo "2205"]
[EventDate "1997.??.??"]
[PlyCount "109"]

1.Nf3 d5 2.d4 e6 3.c4 Nf6 4.g3 Be7 5.Bg2 O-O 6.O-O dxc4 7.Qc2 a6 8.a4 Bd7 
9.Ne5 Nd5 10.Rd1 Nc6 11.Nxc4 Ncb4 12.Qb3 b5 13.axb5 axb5 14.Rxa8 Qxa8 15.
Ne5 Be8 16.Nc3 c5 17.Nxd5 Nxd5 18.dxc5 Bxc5 19.Bxd5 exd5 20.Qxd5 Qa7 21.
Ng4 Qa4 22.Ne5 Kh8 23.b3 Qa7 24.Nd3 Bd4 25.Qd6 Rg8 26.Ba3 f6 27.e3 Bxe3 
28.fxe3 Qxe3+ 29.Nf2 Qxb3 30.Qb4 Qe3 31.Re1 Qf3 32.Qe4 Qxa3 33.Qxe8 b4 34.
Qe3 b3 35.Rb1 Rb8 36.Qc3 Qa2 37.Rb2 Qa1+ 38.Kg2 Qa8+ 39.Qf3 Qa3 40.Qc3 
Qa8+ 41.Qf3 Qa3 42.Qf4 Rb4 43.Qd2 h6 44.h3 h5 45.h4 Qa8+ 46.Kh2 Qb8 47.Kg2
Qa8+ 48.Kg1 Qb8 49.Qe3 Rb5 50.Qf3 Qb6 51.Kg2 g6 52.Nd3 Qd4 53.Qe2 Qc4 54.
Qe8+ Kg7 55.Nf4 1-0

[Event "Dresden zt 1.2"]
[Site "Dresden"]
[Date "1998.04.28"]
[Round "1"]
[White "Atlas, Dimitry"]
[Black "Zelcic, Robert"]
[Result "0-1"]
[WhiteElo "2315"]
[BlackElo "2540"]
[EventDate "1998.04.28"]
[PlyCount "78"]

1.e4 c6 2.d4 d5 3.e5 c5 4.c3 Nc6 5.Be3 cxd4 6.cxd4 Qb6 7.Nc3 e6 8.Qd2 Nh6 
9.Nf3 Nf5 10.Bd3 Nxe3 11.fxe3 f6 12.exf6 gxf6 13.O-O Bd7 14.a3 Na5 15.Rae1
Nb3 16.Qc2 Bc6 17.Nd2 Nxd2 18.Qxd2 f5 19.Qe2 O-O-O 20.b4 Kb8 21.Rb1 Bd7 
22.a4 Bd6 23.Rfc1 Rc8 24.a5 Qd8 25.Qf2 Qf8 26.b5 Qh6 27.g3 Rhg8 28.Ne2 Qg5
29.Rxc8+ Bxc8 30.Nf4 h5 31.Kh1 Bd7 32.Be2 h4 33.gxh4 Qh6 34.Rg1 Rh8 35.h5 
Be8 36.Qg3 e5 37.Qh4 Bxb5 38.Rg6 Qf8 39.Bxb5 exf4 0-1

[Event "Dresden zt 1.2"]
[Site "Dresden"]
[Date "1998.04.28"]
[Round "1"]
[White "Dizdar, Goran"]
[Black "Burovic, Ismet"]
[Result "1-0"]
[WhiteElo "2530"]
[BlackElo "2295"]
[EventDate "1998.04.28"]
[PlyCount "81"]

1.d4 Nf6 2.Nf3 g6 3.c4 Bg7 4.g3 O-O 5.Bg2 d6 6.O-O a6 7.Nc3 Nbd7 8.h3 Rb8 
9.e4 b5 10.Qe2 e5 11.dxe5 dxe5 12.Rd1 Re8 13.cxb5 axb5 14.Be3 c6 15.Nd2 
Qe7 16.Rac1 Ra8 17.a3 Qe6 18.Nf3 h6 19.Qd2 Kh7 20.Ne1 Bf8 21.Nd3 Bb7 22.f3
Rec8 23.Qf2 Qb3 24.Rc2 Be7 25.Rcd2 Rd8 26.h4 Qe6 27.Kh2 Nh5 28.Bh3 f5 29.
f4 Ng7 30.fxe5 Nxe5 31.Nxe5 Qxe5 32.Bd4 Qc7 33.Bb6 Rxd2 34.Rxd2 Qc8 35.Bc5
Bf6 36.exf5 gxf5 37.Ne4 Be5 38.Nd6 Qc7 39.Bxf5+ Kh8 40.Bg6 Rg8 41.Nf7+ 1-0

[Event "Dresden zt 1.2"]
[Site "Dresden"]
[Date "1998.04.28"]
[Round "1"]
[White "Gallagher, Joseph G"]
[Black "Huzman, Alexander"]
[Result "1/2-1/2"]
[WhiteElo "2490"]
[BlackElo "2610"]
[EventDate "1998.04.28"]
[PlyCount "27"]

1.e4 e6 2.d4 d5 3.Nc3 dxe4 4.Nxe4 Nd7 5.Nf3 Ngf6 6.Nxf6+ Nxf6 7.Bd3 c5 8.
dxc5 Bxc5 9.O-O Qc7 10.Qe2 O-O 11.Bg5 b6 12.Rad1 Bb7 13.Bxf6 gxf6 14.Be4 
1/2-1/2

[Event "Dresden zt 1.2"]
[Site "Dresden"]
[Date "1998.04.28"]
[Round "1"]
[White "Jelen, Igor"]
[Black "Kurajica, Bojan"]
[Result "0-1"]
[WhiteElo "2430"]
[BlackElo "2580"]
[EventDate "1998.04.28"]
[PlyCount "60"]

1.d4 Nf6 2.c4 e6 3.Nc3 Bb4 4.Qc2 d6 5.Bg5 h6 6.Bh4 O-O 7.e3 Nbd7 8.Bd3 
Bxc3+ 9.Qxc3 b6 10.Ne2 c5 11.O-O Ba6 12.Rac1 Qe7 13.Rfd1 Rfc8 14.Qd2 cxd4 
15.exd4 Qf8 16.b3 Rc7 17.Nc3 Rac8 18.a4 Nh5 19.Nb5 Bxb5 20.axb5 g5 21.Bg3 
Nxg3 22.hxg3 d5 23.f4 Qg7 24.Qe3 Nf6 25.Be2 Ne4 26.b4 gxf4 27.gxf4 Qg3 28.
Qf3 Qxf3 29.gxf3 Ng3 30.Bd3 dxc4 0-1

[Event "Dresden zt 1.2"]
[Site "Dresden"]
[Date "1998.04.28"]
[Round "1"]
[White "Mohr, Georg"]
[Black "Lutz, Christopher"]
[Result "1/2-1/2"]
[WhiteElo "2455"]
[BlackElo "2595"]
[EventDate "1998.04.28"]
[PlyCount "54"]

1.e4 c5 2.Nf3 d6 3.c3 Nf6 4.Be2 g6 5.O-O Bg7 6.Re1 O-O 7.Bf1 Nc6 8.a3 e5 
9.b4 h6 10.Bb2 Be6 11.d3 Qb6 12.Bc1 Rfd8 13.Nbd2 d5 14.exd5 Nxd5 15.bxc5 
Qxc5 16.Ne4 Qf8 17.c4 Nde7 18.Rb1 b6 19.Ned2 Nf5 20.Bb2 Nfd4 21.Nxd4 Nxd4 
22.Nb3 Nc6 23.Qc2 Rac8 24.Rbd1 b5 25.Nd2 bxc4 26.Nxc4 Nd4 27.Qa4 Bxc4 
1/2-1/2

[Event "Dresden zt 1.2"]
[Site "Dresden"]
[Date "1998.04.28"]
[Round "1"]
[White "Nedev, Trajce"]
[Black "Cvitan, Ognjen"]
[Result "1/2-1/2"]
[WhiteElo "2405"]
[BlackElo "2560"]
[EventDate "1998.04.28"]
[PlyCount "58"]

1.e4 c5 2.Nf3 d6 3.d4 cxd4 4.Nxd4 Nf6 5.Nc3 a6 6.Be3 e5 7.Nb3 Be6 8.Qd2 
Nbd7 9.f3 h5 10.O-O-O Rc8 11.Kb1 Be7 12.Nd5 Nxd5 13.exd5 Bf5 14.Bd3 Bxd3 
15.Qxd3 Bg5 16.g3 Bxe3 17.Qxe3 O-O 18.f4 Re8 19.Qf3 Nf6 20.h3 Qd7 21.f5 e4
22.Qf4 Re5 23.g4 Nxd5 24.Qg3 e3 25.Nd4 Qa4 26.gxh5 e2 27.Rd3 Nf4 28.h6 Nh5
29.Qe1 gxh6 1/2-1/2

[Event "Dresden zt 1.2"]
[Site "Dresden"]
[Date "1998.04.28"]
[Round "1"]
[White "Psakhis, Lev"]
[Black "Rogulj, Branko"]
[Result "1-0"]
[WhiteElo "2565"]
[BlackElo "2430"]
[EventDate "1998.04.28"]
[PlyCount "70"]

1.c4 c5 2.Nf3 Nf6 3.Nc3 Nc6 4.g3 d5 5.d4 Bf5 6.cxd5 Nxd5 7.Bg2 Nxc3 8.bxc3
Be4 9.O-O e6 10.Qb3 Bd5 11.c4 Nxd4 12.Nxd4 Bxg2 13.Nxe6 fxe6 14.Kxg2 Qd7 
15.Qf3 O-O-O 16.Bb2 Bd6 17.Rad1 Qe7 18.Qe4 h5 19.h4 Qf7 20.Rd3 Be7 21.Ra3 
Kb8 22.Rb1 Bf6 23.Bxf6 gxf6 24.Rxb7+ Qxb7 25.Rb3 Qxb3 26.axb3 Rd6 27.Qe3 
Rc8 28.Qf3 Rb6 29.Qxf6 Rxb3 30.Qxe6 Rb6 31.Qe5+ Kb7 32.Qxh5 a5 33.Qf3+ Ka6
34.h5 a4 35.g4 Rcb8 1-0

[Event "Dresden zt 1.2"]
[Site "Dresden"]
[Date "1998.04.28"]
[Round "1"]
[White "Sutovsky, Emil"]
[Black "Jacimovic, Dragoljub"]
[Result "1-0"]
[WhiteElo "2595"]
[BlackElo "2480"]
[EventDate "1998.04.28"]
[PlyCount "43"]

1.e4 e6 2.d4 d5 3.Nc3 Nc6 4.Nf3 Nf6 5.Bg5 Be7 6.Bxf6 Bxf6 7.Bb5 O-O 8.Qd2 
Na5 9.O-O a6 10.Bd3 b6 11.Rfe1 Bb7 12.e5 Be7 13.Ne2 Nc4 14.Qc1 Rc8 15.Nf4 
c5 16.Nh5 cxd4 17.b3 Na5 18.Qf4 Rc7 19.Nf6+ gxf6 20.Qg4+ Kh8 21.exf6 Rg8 
22.Qh4 1-0

[Event "Dresden zt 1.2"]
[Site "Dresden"]
[Date "1998.04.28"]
[Round "1"]
[White "Uhlmann, Wolfgang"]
[Black "Sokolov, Ivan"]
[Result "1/2-1/2"]
[WhiteElo "2495"]
[BlackElo "2625"]
[EventDate "1998.04.28"]
[PlyCount "65"]

1.c4 e5 2.Nc3 Bb4 3.g3 Ne7 4.Qb3 Nbc6 5.Nf3 a5 6.Bg2 O-O 7.O-O d6 8.d3 Bg4
9.h3 Bxf3 10.exf3 Nd4 11.Qd1 c6 12.f4 Ne6 13.Ne2 Bc5 14.Bd2 h5 15.Bc3 exf4
16.d4 Bb6 17.d5 fxg3 18.Nxg3 cxd5 19.cxd5 Nf4 20.Nxh5 Nxh5 21.Qxh5 Ng6 22.
Rae1 Qh4 23.Qxh4 Nxh4 24.Re4 Ng6 25.Rfe1 Rad8 26.h4 f5 27.Rc4 Rfe8 28.
Rxe8+ Rxe8 29.Kf1 Bc5 30.h5 Ne5 31.Rf4 Bb4 32.Bxe5 Rxe5 33.Bh3 1/2-1/2

[Event "Dresden zt 1.2"]
[Site "Dresden"]
[Date "1998.04.28"]
[Round "1"]
[White "Wahls, Matthias"]
[Black "Ekstroem, Roland"]
[Result "1/2-1/2"]
[WhiteElo "2605"]
[BlackElo "2490"]
[EventDate "1998.04.28"]
[PlyCount "45"]

1.e4 e5 2.Nf3 Nc6 3.Bb5 Nf6 4.O-O Nxe4 5.d4 Nd6 6.Bxc6 dxc6 7.dxe5 Ne4 8.
Qe2 Bf5 9.Rd1 Qc8 10.Nd4 Bc5 11.b4 Bb6 12.f3 Qd7 13.Bb2 Ng5 14.c4 Bxd4+ 
15.Bxd4 O-O-O 16.Nc3 Ne6 17.Bf2 Qe7 18.Qe3 b6 19.a3 Rxd1+ 20.Rxd1 Rd8 21.
Rxd8+ Qxd8 22.c5 g5 23.h3 1/2-1/2

[Event "Dresden zt 1.2"]
[Site "Dresden"]
[Date "1998.04.29"]
[Round "2"]
[White "Baumegger, Siegfried"]
[Black "Soln, Primoz"]
[Result "0-1"]
[WhiteElo "2495"]
[BlackElo "2350"]
[EventDate "1998.04.28"]
[PlyCount "63"]

1.d4 d5 2.c4 c6 3.Nf3 e6 4.Qc2 Nf6 5.Bg5 h6 6.Bxf6 Qxf6 7.g3 Nd7 8.Bg2 
Bb4+ 9.Nc3 O-O 10.O-O dxc4 11.Ne4 Qf5 12.Qxc4 Qxe4 13.Qxb4 Qxe2 14.Rfe1 
Qa6 15.Ne5 Qb6 16.Qe7 Nf6 17.Rad1 Qxb2 18.Rd3 a5 19.a3 Qb6 20.h4 Qd8 21.
Qc5 a4 22.Qc1 Ra5 23.g4 Nh7 24.Ree3 Qxh4 25.Rh3 Qd8 26.f4 f6 27.Nc4 Rb5 
28.Qc2 Qc7 29.Rdf3 Rd8 30.Qe4 Rbd5 31.Rd3 c5 32.g5 0-1

[Event "Dresden zt 1.2"]
[Site "Dresden"]
[Date "1998.04.29"]
[Round "2"]
[White "Dizdarevic, Emir"]
[Black "Alterman, Boris"]
[Result "1/2-1/2"]
[WhiteElo "2540"]
[BlackElo "2615"]
[EventDate "1998.04.28"]
[PlyCount "36"]

1.Nf3 Nf6 2.g3 c5 3.Bg2 Nc6 4.O-O e5 5.e4 Be7 6.Re1 O-O 7.c3 d6 8.Na3 Re8 
9.h3 Bf8 10.d3 h6 11.Nc2 Rb8 12.b4 a6 13.a4 b5 14.axb5 axb5 15.Bd2 d5 16.
exd5 Nxd5 17.bxc5 Bxc5 18.d4 exd4 1/2-1/2

[Event "Dresden zt 1.2"]
[Site "Dresden"]
[Date "1998.04.29"]
[Round "2"]
[White "Ekstroem, Roland"]
[Black "Sermek, Drazen"]
[Result "1/2-1/2"]
[WhiteElo "2490"]
[BlackElo "2510"]
[EventDate "1998.04.28"]
[PlyCount "27"]

1.d4 d5 2.c4 dxc4 3.e3 c5 4.Bxc4 cxd4 5.exd4 Qc7 6.Bb3 Bg4 7.Nf3 Bxf3 8.
Qxf3 Qxc1+ 9.Ke2 Qxb2+ 10.Nd2 Nc6 11.Qxf7+ Kd7 12.Qd5+ Ke8 13.Qf7+ Kd7 14.
Qd5+ 1/2-1/2

[Event "Dresden zt 1.2"]
[Site "Dresden"]
[Date "1998.04.29"]
[Round "2"]
[White "Jacimovic, Dragoljub"]
[Black "Atlas, Dimitry"]
[Result "1-0"]
[WhiteElo "2480"]
[BlackElo "2315"]
[EventDate "1998.04.28"]
[PlyCount "81"]

1.d4 d5 2.c4 c6 3.cxd5 cxd5 4.Nc3 Nc6 5.Bf4 Nf6 6.e3 Bg4 7.f3 Bd7 8.Bd3 e6
9.g4 Rc8 10.Nge2 Na5 11.Kf2 Nc4 12.Rb1 b5 13.Ng3 Qb6 14.Nce2 Bd6 15.Bxd6 
Qxd6 16.g5 Ng8 17.b3 Nb6 18.Qd2 Ne7 19.Nh5 Kf8 20.Neg3 e5 21.Rbc1 Rxc1 22.
Qxc1 h6 23.h4 Bc6 24.Qc3 Nd7 25.Qa5 Qb8 26.Qb4 a5 27.Qxa5 hxg5 28.hxg5 g6 
29.Qb4 gxh5 30.Nf5 Qe8 31.Rc1 Nb8 32.Qd6 e4 33.Bf1 exf3 34.g6 fxg6 35.Qf6+
Qf7 36.Qxh8+ Ng8 37.Nh6 Qg7 38.Qxg8+ Qxg8 39.Nxg8 Kxg8 40.Kxf3 Kf7 41.Rc5 
1-0

[Event "Dresden zt 1.2"]
[Site "Dresden"]
[Date "1998.04.29"]
[Round "2"]
[White "Lutz, Christopher"]
[Black "Nedev, Trajce"]
[Result "1/2-1/2"]
[WhiteElo "2595"]
[BlackElo "2405"]
[EventDate "1998.04.28"]
[PlyCount "156"]

1.e4 c5 2.Nf3 Nc6 3.d4 cxd4 4.Nxd4 Nf6 5.Nc3 e5 6.Ndb5 d6 7.Bg5 a6 8.Na3 
b5 9.Bxf6 gxf6 10.Nd5 Bg7 11.c3 f5 12.exf5 Bxf5 13.Nc2 Be6 14.g3 O-O 15.
Bg2 a5 16.O-O f5 17.Qe2 Rb8 18.Rfd1 Kh8 19.b3 e4 20.Rac1 Qd7 21.Qd2 a4 22.
Nce3 Be5 23.bxa4 bxa4 24.f4 exf3 25.Bxf3 Na5 26.Kh1 a3 27.Rb1 Qa7 28.Rb4 
Bxd5 29.Nxd5 Rxb4 30.cxb4 Nb3 31.Qh6 Bg7 32.Qh5 Nd4 33.Bg2 Qf7 34.Qxf7 
Rxf7 35.Rd3 Nb5 36.Re3 Be5 37.Bf1 Rb7 38.Kg2 Kg7 39.Bc4 Nc7 40.Rb3 Nb5 41.
Ne3 Nd4 42.Rb1 f4 43.gxf4 Bxf4 44.Nd5 Be5 45.b5 Ne6 46.Rb3 Bb2 47.b6 Nc5 
48.Rg3+ Kf8 49.Rf3+ Kg7 50.Rg3+ Kf8 51.Rf3+ Kg7 52.Bb5 Ne6 53.Re3 Kf7 54.
Ba6 Rb8 55.Bc4 Nc5 56.Re7+ Kg6 57.Bb5 Bf6 58.Re8 Rxe8 59.Bxe8+ Kf5 60.Bc6 
Bd8 61.b7 Na6 62.Ne3+ Ke5 63.Nc4+ Ke6 64.Nxa3 d5 65.Nc2 Nb8 66.Bb5 Kd6 67.
Bd3 Kc7 68.Bxh7 Nc6 69.Ne3 Nb4 70.a3 d4 71.axb4 dxe3 72.Be4 Be7 73.Kf3 
Bxb4 74.Kxe3 Bd6 75.h4 Kd7 76.h5 Ke7 77.h6 Kf7 78.Bh7 Kf6 1/2-1/2

[Event "Dresden zt 1.2"]
[Site "Dresden"]
[Date "1998.04.29"]
[Round "2"]
[White "Pavasovic, Dusko"]
[Black "Rogulj, Branko"]
[Result "1-0"]
[WhiteElo "2505"]
[BlackElo "2430"]
[EventDate "1998.04.28"]
[PlyCount "33"]

1.e4 e5 2.Nf3 Nc6 3.d4 exd4 4.Nxd4 Nf6 5.Nxc6 bxc6 6.e5 Qe7 7.Qe2 Nd5 8.c4
Ba6 9.b3 g6 10.f4 Qb4+ 11.Bd2 Qb6 12.Qe4 Nb4 13.Nc3 Bb7 14.a3 f5 15.Qb1 
Na6 16.b4 d6 17.c5 1-0

[Event "Dresden zt 1.2"]
[Site "Dresden"]
[Date "1998.04.29"]
[Round "2"]
[White "Rogic, Davor"]
[Black "Burovic, Ismet"]
[Result "1-0"]
[WhiteElo "2445"]
[BlackElo "2295"]
[EventDate "1998.04.28"]
[PlyCount "118"]

1.e4 c6 2.d4 d5 3.Nc3 dxe4 4.Nxe4 Bf5 5.Ng3 Bg6 6.h4 h6 7.Nf3 Nd7 8.h5 Bh7
9.Bd3 Bxd3 10.Qxd3 e6 11.Bd2 Qc7 12.O-O-O O-O-O 13.Ne4 Ngf6 14.g3 Nc5 15.
Nxc5 Bxc5 16.c4 Rhe8 17.Bc3 Bf8 18.Qe2 c5 19.Ne5 cxd4 20.Bxd4 Rd6 21.Bc3 
Red8 22.Rde1 Ra6 23.Kb1 Bc5 24.Rd1 Rad6 25.Rxd6 Rxd6 26.f4 Bd4 27.Bb4 Rd8 
28.Rc1 Bxe5 29.fxe5 Ne8 30.Qe3 Qc6 31.a3 a6 32.g4 Rd7 33.Ka2 Kb8 34.Qf4 
Qc7 35.Qe4 Qb6 36.Rf1 Qc7 37.Bc3 Qc5 38.Rf4 Qg1 39.Qf3 Qc5 40.Kb3 Qc7 41.
Qe4 a5 42.Ka2 Qb6 43.Qc2 Nc7 44.Qa4 Kc8 45.Re4 Qg1 46.Bxa5 Rd1 47.Qc2 Ra1+
48.Kb3 Na6 49.Bb4 Rc1 50.Qd2 Rd1 51.Qe3 Qf1 52.Rd4 Nxb4 53.Kxb4 Kb8 54.Qf4
Qg1 55.Rxd1 Qxd1 56.Qe4 Kc7 57.Qf4 Kb6 58.Qe3+ Ka6 59.Qc5 Qe1+ 1-0

[Event "Dresden zt 1.2"]
[Site "Dresden"]
[Date "1998.04.29"]
[Round "2"]
[White "Sokolov, Ivan"]
[Black "Gallagher, Joseph G"]
[Result "1-0"]
[WhiteElo "2625"]
[BlackElo "2490"]
[EventDate "1998.04.28"]
[PlyCount "87"]

1.d4 Nf6 2.c4 g6 3.Nc3 Bg7 4.e4 d6 5.h3 O-O 6.Bg5 Na6 7.Nf3 h6 8.Bf4 c6 9.
Be2 Qa5 10.O-O e5 11.Be3 exd4 12.Nxd4 Re8 13.Bf3 Nh7 14.Nb3 Qd8 15.Bd4 Be5
16.Bg4 Qh4 17.Bxc8 Raxc8 18.f4 Bxf4 19.Qf3 Be5 20.Qxf7+ Kh8 21.Bxe5+ dxe5 
22.Qxb7 Ng5 23.Kh2 Nc7 24.Qxa7 Nce6 25.Qf2 Qxf2 26.Rxf2 Rcd8 27.h4 Nh7 28.
Rd1 Rxd1 29.Nxd1 Kg7 30.Rd2 Nf6 31.Nf2 Ra8 32.Nc1 Nd4 33.b3 Kf7 34.Ne2 
Nxe2 35.Rxe2 Rd8 36.a4 Rb8 37.Rb2 c5 38.Nd3 Nd7 39.a5 Ke6 40.b4 cxb4 41.
Rxb4 Rc8 42.c5 Rc6 43.Rb5 Ke7 44.Nb4 1-0

[Event "Dresden zt 1.2"]
[Site "Dresden"]
[Date "1998.04.29"]
[Round "2"]
[White "Zelcic, Robert"]
[Black "Sutovsky, Emil"]
[Result "0-1"]
[WhiteElo "2540"]
[BlackElo "2595"]
[EventDate "1998.04.28"]
[PlyCount "72"]

1.e4 c5 2.Nf3 d6 3.d4 cxd4 4.Nxd4 Nf6 5.Nc3 a6 6.Be2 e5 7.Nb3 Be7 8.O-O 
O-O 9.Kh1 Nc6 10.f4 b5 11.a4 Bb7 12.axb5 axb5 13.Rxa8 Qxa8 14.Bxb5 Nb4 15.
Qe2 Nxe4 16.Nxe4 Bxe4 17.c3 Bd5 18.cxb4 Bxb3 19.fxe5 Bd5 20.exd6 Bxd6 21.
Bd2 Qc8 22.Kg1 Qd8 23.h3 Qh4 24.Qf2 Qe4 25.Re1 Qg6 26.Rd1 Bg3 27.Qe2 Bb8 
28.Bc3 Ba8 29.Qf2 Ba7 30.Bd4 Rd8 31.Bf1 Qe4 32.Bxa7 Rxd1 33.Bc5 Bc6 34.Qg3
h6 35.b5 Bxb5 36.Qb8+ Be8 0-1

[Event "Dresden zt 1.2"]
[Site "Dresden"]
[Date "1998.04.30"]
[Round "3"]
[White "Alterman, Boris"]
[Black "Dizdar, Goran"]
[Result "1/2-1/2"]
[WhiteElo "2615"]
[BlackElo "2530"]
[EventDate "1998.04.28"]
[PlyCount "96"]

1.d4 d5 2.c4 e6 3.Nc3 Bb4 4.e3 Nf6 5.a3 Bxc3+ 6.bxc3 O-O 7.cxd5 exd5 8.Bd3
b6 9.Ne2 Ba6 10.Bxa6 Nxa6 11.Qd3 Qc8 12.O-O Nb8 13.f3 Qa6 14.Qc2 c5 15.Ng3
Nc6 16.Bb2 Rac8 17.Qf2 cxd4 18.cxd4 Qd3 19.Rad1 Qg6 20.e4 Ne7 21.a4 Rfe8 
22.Ba3 Nh5 23.Ne2 f5 24.Bxe7 Rxe7 25.Qh4 Rce8 26.e5 Rc7 27.Rf2 Qh6 28.Ng3 
Rc1 29.Rdf1 Nxg3 30.Qxh6 Rxf1+ 31.Rxf1 gxh6 32.hxg3 Rc8 33.Kf2 Rc4 34.Ke3 
Rxa4 35.Kf4 Rxd4+ 36.Kxf5 Rc4 37.Ke6 d4 38.Kd5 Rc2 39.Rd1 Rc8 40.e6 Kf8 
41.f4 Ke7 42.f5 d3 43.Ke4 Rd8 44.Rd2 Kf6 45.Rxd3 Rxd3 46.Kxd3 b5 47.Kd4 b4
48.g4 a5 1/2-1/2

[Event "Dresden zt 1.2"]
[Site "Dresden"]
[Date "1998.04.30"]
[Round "3"]
[White "Burovic, Ismet"]
[Black "Jelen, Igor"]
[Result "1-0"]
[WhiteElo "2295"]
[BlackElo "2430"]
[EventDate "1998.04.28"]
[PlyCount "75"]

1.e4 c5 2.d3 Nc6 3.g3 g6 4.Bg2 Bg7 5.f4 d6 6.Nf3 e6 7.O-O Nge7 8.c3 O-O 9.
Be3 b6 10.Bf2 e5 11.Na3 Be6 12.d4 exd4 13.cxd4 Bg4 14.Nc2 f5 15.e5 cxd4 
16.Ncxd4 Nxd4 17.Qxd4 d5 18.Qa4 Qe8 19.Qb3 Qd7 20.Nd4 Rac8 21.Rfe1 Kh8 22.
Nb5 Rc6 23.Nd6 Rxd6 24.exd6 Qxd6 25.Qa4 d4 26.Qxa7 Bf6 27.Bf1 d3 28.Bxd3 
Qxd3 29.Rxe7 Bxe7 30.Qxe7 Kg8 31.Qe5 Rd8 32.Qe6+ Kg7 33.Qe7+ Kh6 34.Bxb6 
Rd7 35.Qf8+ Kh5 36.Qf6 Kh6 37.Bc5 Rd8 38.Re1 1-0

[Event "Dresden zt 1.2"]
[Site "Dresden"]
[Date "1998.04.30"]
[Round "3"]
[White "Ekstroem, Roland"]
[Black "Lutz, Christopher"]
[Result "1/2-1/2"]
[WhiteElo "2490"]
[BlackElo "2595"]
[EventDate "1998.04.28"]
[PlyCount "95"]

1.e4 c5 2.c3 d5 3.exd5 Qxd5 4.d4 Nf6 5.Nf3 Bg4 6.Be2 e6 7.h3 Bh5 8.O-O Nc6
9.Be3 cxd4 10.cxd4 Be7 11.Nc3 Qd6 12.Qb3 O-O 13.Rfd1 Rfd8 14.a3 Rab8 15.
Rac1 Nd5 16.Nxd5 exd5 17.Qc3 f6 18.b4 Bf8 19.Qd2 Rbc8 20.Rc3 Ne7 21.Rdc1 
Rxc3 22.Rxc3 Rc8 23.Rc5 Qd8 24.Ne1 Bxe2 25.Qxe2 Nf5 26.Ra5 a6 27.Qf3 Ne7 
28.Nd3 Rc6 29.Nf4 Rd6 30.Rc5 Qd7 31.Qg4 Kf7 32.Qd1 b6 33.Rc3 Rc6 34.Rxc6 
Qxc6 35.Qd3 g6 36.Qxa6 g5 37.Nh5 Nf5 38.Qd3 Nxe3 39.Qxe3 Qe6 40.g4 Bd6 41.
Kf1 Qxe3 42.fxe3 b5 43.Ke2 Kg6 44.Kf3 f5 45.Kg2 Bc7 46.Kf3 Bd6 47.Kg2 Bc7 
48.Kf3 1/2-1/2

[Event "Dresden zt 1.2"]
[Site "Dresden"]
[Date "1998.04.30"]
[Round "3"]
[White "Kortschnoj, Viktor"]
[Black "Sutovsky, Emil"]
[Result "1-0"]
[WhiteElo "2625"]
[BlackElo "2595"]
[EventDate "1998.04.28"]
[PlyCount "49"]

1.d4 Nf6 2.c4 g6 3.Nc3 d5 4.cxd5 Nxd5 5.Na4 Bg7 6.e4 Nb6 7.Be3 O-O 8.Nf3 
Nxa4 9.Qxa4 c5 10.Rd1 Qb6 11.Rd2 Bd7 12.Qa3 cxd4 13.Nxd4 Qc7 14.Be2 e5 15.
Rc2 Qd8 16.Nb5 Nc6 17.Nd6 Qb8 18.Bc4 Nd4 19.Bxd4 exd4 20.O-O Be6 21.Bxe6 
fxe6 22.Rfc1 Be5 23.Rc7 Bxd6 24.Qxd6 Rf7 25.Qxe6 1-0

[Event "Dresden zt 1.2"]
[Site "Dresden"]
[Date "1998.04.30"]
[Round "3"]
[White "Mohr, Georg"]
[Black "Baumegger, Siegfried"]
[Result "1/2-1/2"]
[WhiteElo "2455"]
[BlackElo "2495"]
[EventDate "1998.04.28"]
[PlyCount "67"]

1.e4 e6 2.d4 d5 3.Nd2 c5 4.Ngf3 cxd4 5.exd5 Qxd5 6.Bc4 Qd6 7.O-O Nf6 8.Nb3
Nc6 9.Nbxd4 Nxd4 10.Nxd4 a6 11.a4 Qc7 12.b3 Bd6 13.h3 O-O 14.Bb2 Bd7 15.
Qe2 Rfe8 16.Rad1 Rad8 17.Nf3 Bc6 18.Ne5 Bd5 19.Bd3 Qe7 20.c4 Bxe5 21.Bxe5 
Bc6 22.Bc3 Qc5 23.b4 Qh5 24.b5 Qxe2 25.Bxe2 Be4 26.Rxd8 Rxd8 27.Rd1 Rxd1+ 
28.Bxd1 Bd3 29.bxa6 bxa6 30.c5 Kf8 31.f3 Nd5 32.Bd4 g6 33.Kf2 Ke7 34.Bb3 
1/2-1/2

[Event "Dresden zt 1.2"]
[Site "Dresden"]
[Date "1998.04.30"]
[Round "3"]
[White "Rogulj, Branko"]
[Black "Atlas, Dimitry"]
[Result "0-1"]
[WhiteElo "2430"]
[BlackElo "2315"]
[EventDate "1998.04.28"]
[PlyCount "44"]

1.e4 e6 2.Nc3 d5 3.d4 Bb4 4.e5 c5 5.a3 Ba5 6.b4 cxd4 7.Qg4 Ne7 8.bxa5 dxc3
9.Qxg7 Rg8 10.Qxh7 Nbc6 11.Nf3 Qc7 12.Bb5 Bd7 13.Bxc6 Bxc6 14.O-O d4 15.
Ng5 Qxe5 16.Qxf7+ Kd7 17.Qf4 Rxg5 18.Qxg5 Rg8 19.Qxe5 Rxg2+ 20.Kh1 Rxf2+ 
21.Kg1 Rg2+ 22.Kh1 Rg3+ 0-1

[Event "Dresden zt 1.2"]
[Site "Dresden"]
[Date "1998.04.30"]
[Round "3"]
[White "Soln, Primoz"]
[Black "Pelletier, Yannick"]
[Result "1/2-1/2"]
[WhiteElo "2350"]
[BlackElo "2515"]
[EventDate "1998.04.28"]
[PlyCount "31"]

1.d4 Nf6 2.c4 e6 3.Nf3 d5 4.Nc3 c6 5.Bg5 h6 6.Bxf6 Qxf6 7.e3 Nd7 8.Bd3 
dxc4 9.Bxc4 g6 10.O-O Bg7 11.b4 O-O 12.Rc1 Qe7 13.Qb3 a6 14.a4 b6 15.b5 
Bb7 16.bxa6 1/2-1/2

[Event "Dresden zt 1.2"]
[Site "Dresden"]
[Date "1998.04.30"]
[Round "3"]
[White "Stanec, Nikolaus"]
[Black "Psakhis, Lev"]
[Result "1/2-1/2"]
[WhiteElo "2485"]
[BlackElo "2565"]
[EventDate "1998.04.28"]
[PlyCount "114"]

1.Nf3 Nf6 2.c4 e6 3.Nc3 Bb4 4.g3 Bxc3 5.dxc3 b6 6.Bg2 Bb7 7.O-O h6 8.Ne1 
Bxg2 9.Nxg2 Nc6 10.Qc2 Qe7 11.e4 d6 12.Qe2 g5 13.Kh1 O-O-O 14.a4 Rdg8 15.
b4 h5 16.a5 h4 17.g4 h3 18.Ne3 Nxe4 19.Qf3 f5 20.gxf5 exf5 21.axb6 axb6 
22.Qxf5+ Kb7 23.f3 Nf6 24.c5 dxc5 25.bxc5 Qe5 26.Qd3 Ra8 27.Rxa8 Rxa8 28.
cxb6 Ra2 29.Bd2 Qd6 30.Qxd6 cxd6 31.Nc4 Ne5 32.Nxd6+ Kxb6 33.Bxg5 Nd5 34.
Bh4 Nxf3 35.Bg3 Ne3 36.Rb1+ Kc6 37.Ne4 Ng4 38.Rf1 Ngxh2 39.Rd1 Ng4 40.c4 
Re2 41.Rd6+ Kb7 42.Rd7+ Ka6 43.Rd3 Ra2 44.Rd1 Rc2 45.c5 Kb5 46.Rf1 Kc6 47.
Rd1 Ne3 48.Ra1 Kd5 49.Nf6+ Ke6 50.Ne4 Kd5 51.Nf6+ Ke6 52.Ne4 Kf5 53.Nf2 
Kg5 54.Nd3 Nf5 55.Bb8 Kg4 56.Ne1 Nxe1 57.Rxe1 Rxc5 1/2-1/2

[Event "Dresden zt 1.2"]
[Site "Dresden"]
[Date "1998.04.30"]
[Round "3"]
[White "Uhlmann, Wolfgang"]
[Black "Gallagher, Joseph G"]
[Result "1-0"]
[WhiteElo "2495"]
[BlackElo "2490"]
[EventDate "1998.04.28"]
[PlyCount "116"]

1.c4 g6 2.e4 Bg7 3.d4 d6 4.Nc3 Nf6 5.Be2 O-O 6.Bg5 Na6 7.Qc2 h6 8.Be3 e5 
9.dxe5 dxe5 10.Rd1 Qe8 11.Nf3 Ng4 12.Bc1 f5 13.O-O Nb4 14.Qb3 Nc6 15.Be3 
Nd4 16.Bxd4 exd4 17.Nb5 fxe4 18.Nfxd4 Qe5 19.c5+ Kh7 20.Qg3 Qxg3 21.hxg3 
Rf7 22.c6 bxc6 23.Nxc6 Ne5 24.Nbxa7 Nxc6 25.Nxc6 Bxb2 26.Bc4 Rd7 27.Rb1 
Bf6 28.Rfd1 Rxd1+ 29.Rxd1 Bf5 30.Bb3 Re8 31.Bf7 Rf8 32.Bd5 Re8 33.Re1 Bc3 
34.Re2 Kg7 35.a4 Kf6 36.a5 Bd7 37.a6 Ra8 38.Ne5 Bb5 39.Nd7+ Ke7 40.Rxe4+ 
Kxd7 41.Bxa8 Bxa6 42.Bd5 Bg7 43.Rf4 Kd6 44.Rf7 Kxd5 45.Rxg7 c5 46.Rxg6 Bd3
47.Rxh6 c4 48.f3 c3 49.Kf2 c2 50.Rh1 Kd4 51.g4 Bc4 52.g5 Kd3 53.g6 Kd2 54.
g7 Bg8 55.f4 c1=Q 56.Rxc1 Kxc1 57.Ke3 Kc2 58.Ke4 Kc3 1-0

[Event "Dresden zt 1.2"]
[Site "Dresden"]
[Date "1998.04.30"]
[Round "3"]
[White "Wahls, Matthias"]
[Black "Pavasovic, Dusko"]
[Result "1-0"]
[WhiteElo "2605"]
[BlackElo "2505"]
[EventDate "1998.04.28"]
[PlyCount "79"]

1.e4 e5 2.Nf3 Nf6 3.Nxe5 d6 4.Nf3 Nxe4 5.d4 d5 6.Bd3 Nc6 7.O-O Be7 8.c4 
Nb4 9.Be2 O-O 10.Nc3 Be6 11.Ne5 c5 12.Nxe4 dxe4 13.d5 Bd6 14.a3 Bxe5 15.
axb4 Bd7 16.bxc5 Qc7 17.Be3 Bxh2+ 18.Kh1 Be5 19.Bd4 Rfe8 20.b4 Qd8 21.Bxe5
Rxe5 22.Ra3 Qh4+ 23.Kg1 Rg5 24.f4 exf3 25.Rfxf3 Re8 26.Rfe3 Rxe3 27.Rxe3 
h5 28.b5 Rg6 29.Bf1 Qf4 30.Qf3 Qg5 31.c6 bxc6 32.bxc6 Rf6 33.Qg3 Qxg3 34.
Rxg3 Bxc6 35.dxc6 Rxc6 36.Kf2 f6 37.Ke3 g5 38.Kd4 Re6 39.c5 Kf8 40.Rc3 1-0

[Event "Dresden zt 1.2"]
[Site "Dresden"]
[Date "1998.05.01"]
[Round "4"]
[White "Burovic, Ismet"]
[Black "Mohr, Georg"]
[Result "0-1"]
[WhiteElo "2295"]
[BlackElo "2455"]
[EventDate "1998.04.28"]
[PlyCount "78"]

1.e4 g6 2.d3 Bg7 3.g3 e5 4.Bg2 Ne7 5.Nc3 c6 6.Nge2 d5 7.O-O O-O 8.h3 d4 9.
Nb1 c5 10.Nd2 Nbc6 11.f4 Be6 12.Nf3 f6 13.g4 exf4 14.Nxf4 Bf7 15.g5 f5 16.
Nh2 Ne5 17.exf5 Nxf5 18.Bxb7 Rb8 19.Be4 Ne3 20.Bxe3 dxe3 21.b3 Qxg5+ 22.
Kh1 Bxb3 23.axb3 Rxf4 24.Rxf4 Qxf4 25.Qf1 g5 26.Re1 Qg3 27.Re2 Rf8 28.Qg2 
Qf4 29.Qg1 g4 30.Rxe3 Ng6 31.Bd5+ Kh8 32.Re4 Qd6 33.Bc4 g3 34.Nf1 Bd4 35.
Qg2 Rf2 36.Re8+ Kg7 37.Rg8+ Kh6 38.Nxg3 Qf4 39.Ne2 Rf1+ 0-1